Popularne polskie piosenki w tym tygodniu. 12-18.03 - Statystyki

Ogólne statystyki
  • Ten quiz został rozwiązany 9 razy
  • Średni wynik to 13 z 30
Statystyki odpowiedzi
Wykonawca Wyświetlenia Utwór % Poprawnych
Ekipa ~ 8.47M 3KIPA
89%
Guzior 1.43M BLUEBERRY
78%
Quebonafide ft. Daria Zawiałow 535K BUBBLETEA
78%
Guzior ft. Oskar83 1.30M FALA
78%
Young Leosia 1.31M Szklanki
78%
Sanah ft. Vito Bambino 4.31M Ale jazz!
67%
ReTo 555K Billy Kid
67%
Alberto 604K Dwutakt
67%
Kizo ft. Trill Pem 783K Fitness
67%
Sobel 839K Kinol
67%
Kabe 944K Nad ranem
67%
Wiatr ft. Sobel, Be Vis 809K Testarossa
67%
Sobel 1.02M Alien
44%
Cheatz 997K gdzie jest stary dawid
44%
Hodak & 2K ft. Deemz 608K Oh No!
44%
Malik Montana ft. Tovaritch 788K Bratan
33%
Bedoes & Lanek 526K TOA$T /
33%
Sobel 1.49M To Ja
33%
Florek ft. Młodypago, Piluś 592K Buzi
22%
Kubańczyk ft. Popek 627K Detox
22%
Sanah 632K No sory
22%
Michał Szczygieł 721K Spontan
22%
Rafał Brzozowski 1.93M The Ride
22%
Karolina Stanisławczyk 510K Cliche
11%
Cleo 634K Kocham
11%
BARANOVSKI 586K Lubię być z nią
11%
Defis & MiłyPan 1.38M Musisz się starać
11%
Menelaos 608K Zarąbista Para
11%
Vivat 876K Oddam ci wszystko
0%
Daj To Głośniej 526K Wróciłeś nad ranem
0%
Nie znaleziono quizów pasujących do podanych kryteriów
Rozkład punktacji
Procent ludzi z każdym wynikiem
Percentyl według liczby udzielonych odpowiedzi
Twoja historia wyników
Nie rozwiązałeś tego quizu